BIBLIOTHÈQUE DE LA MAISON DU MEXIQUE

Logo 1 Logo 2

El patrimonio cultural de México (notice nᵒ 8638)

détails MARC
000 -Sello discográfico
campo de control de longitud fija 01131nam a2200337 4500
005 - Identificación de versión
campo de control 20251016085040.0
010 ## - Número Estándar Internacional de Libros (ISBN)
Número (ISBN) 968-16-4050-0
035 ## - Otros números de control del sistema
Número de control del sistema 29513
099 ## - fechas locales
Tipo de ítem Koha LIBRO
100 ## - Datos de procesamiento general
Datos de procesamiento general 20021122d1993 m y1spay5003 ba
105 ## - Campo de datos codificados: Material textual, monográfico
Datos codificados de monografía y 001zy
200 1# - Título y mención de responsabilidad
Título propio El patrimonio cultural de México
Designación general del material texto impreso
Primer mención de responsabilidad Compilación Enrique Florescano
205 ## - Declaración de edición
Declaración de edición 1a ed
210 ## - Publicación, distribución, etc.
Lugar de publicación, distribución, etc. México
Nombre del editor, distribuidor, etc. Consejo Nacional para la Cultura y las Artes : Fondo de Cultura Económica
Fecha de publicación, distribución, etc. 1993
215 ## - Descripción física
Designación de material específico y extensión del ítem 424 p
Dimensiones 24 cm
300 ## - Notas generales
Texto de la nota Incluye bibliografía
318 ## - Nota de acción
Acción No se presta a domicilio
345 ## - Nota de información de adquisición
Fuente de adquisición/dirección de la suscripción [OBSOLETO] Donación
410 #1 - Series
Título Sección de Obras de Historia
606 ## - Término temático usado como materia
Elemento de entrada Bienes culturales, Protección de
Subdivisión geográfica México
Número Koha 14627
607 ## - Nombre geográfico utilizado como tema
Elemento de entrada México
Subdivisión temática Política cultural
Número Koha 14628
660 ## - Código de área geográfica
Código MX
702 ## - Nombre personal - Responsabilidad secundaria
Elemento de entrada Florescano Mayet
Parte del nombre distinta del elemento de entrada Enrique
Fechas 1937-2023
Número Koha 981
801 #0 - Fuente de origen
Agencia cm
900 ## -
-- 1/2950
900 ## -
-- 7100214739\221102
942 ## - ELEMENTOS DE ENTRADA SECUNDARIOS (KOHA)
Tipo de ítem Koha Livre
996 ## -
-- MEX
-- 751145101
-- MMAG
-- 004007
-- R917.2 F634P
-- 20200221LIV
Exemplaires
Estatus retirado Estado de daño Estado de pérdida Fecha de adquisición Biblioteca de origen Biblioteca actual Ubicación en estantería Código de barras Precio de reemplazo Signatura topográfica completa No para préstamo Tipo de ítem Koha Nota pública Nota no pública
      05/08/2025 Casa México Paris Casa México Paris   004007 05/08/2025 R917.2 F634P No se presta a domicilio Livre 20200221LIV 751145101